000 01029nas a2200337 4500
001 BR2012005535
003 BR-BrBNA
005 20231205120907.0
007 ta
008 230509b bl.|||p| |||| 00| 00por d
040 _aBR-BrBNA
_bpor
_cBiblioteca Nacional de Agricultura
041 _a(Pt)
072 _aF70
100 1 _aSilva, A.C. da
100 1 _aHiguchi, P.
100 1 _aAguiar, M.D. de
100 1 _aNegrini, M.
100 1 _aFert Neto, J.
100 1 _aHess, A.F.
245 1 _aRelações florísticas e fitossociologia de uma floresta ombrófila mista montana secundária em Lages, Santa Catarina
650 _aFLORESTA
650 _aTEMPERATURA
650 _aESTRUTURA VEGETAL
650 _aCOMPOSIÇÃO BOTÂNICA
650 _aREGRESSÃO LINEAR
650 _aVARIAÇÃO SAZONAL
650 _aSANTA CATARINA
773 0 _tCiência Florestal (Brazil)
_xISSN 0103-9954
_g(Jan-Mar 2012), v. 22(1) p. 193-206
_wBR2012005535
909 _a202311
_bLúcia
_c55
_dLúcia Elande
942 _2AGRIS
_n0
_cANA
999 _c220839
_d220839